[Event "SVK-chT4 A22 1819"]
[Site "Slovakia"]
[Date "2019.03.17"]
[Round "11.2"]
[White "Sandor, Stefan"]
[Black "Skreko, Igor1111"]
[Result "1/2-1/2"]
[WhiteElo "1543"]
[BlackElo "1454"]
[PlyCount "113"]
[EventDate "2018.10.14"]
[EventType "team-tourn"]
[EventRounds "11"]
[EventCountry "SVK"]
[SourceTitle "EXT 2020"]
[Source "ChessBase"]
[SourceDate "2019.10.17"]
[SourceVersion "1"]
[SourceVersionDate "2019.10.17"]
[SourceQuality "1"]

1. e4 c5 2. d4 cxd4 3. Qxd4 Nc6 4. Qd1 Nf6 5. Nc3 d6 6. h3 a6 7. Nf3 e6 8. a3 Be7 9. Bd3 Bd7 10. 0-0 0-0 11. Re1 Rc8 12. e5 dxe5 13. Nxe5 Nxe5 14. Rxe5 Qc7 15. Re1 Rfd8 16. Bg5 Bc6 17. Qc1 b5 18. Ne4 Bxe4 19. Bxe4 Nxe4 20. Bxe7 Qxe7 21. Rxe4 Rc6 22. Re2 Rcd6 23. Qe1 Qf6 24. c3 Qh6 25. Rc2 Rd2 26. Rac1 g6 27. Rxd2 Qxd2 28. Qxd2 Rxd2 29. b4 Ra2 30. c4 bxc4 31. Rxc4 Ra1+ 32. Kh2 Rxa3 33. Rc8+ Kg7 34. Ra8 Ra4 35. Kg3 Kf6 36. Ra7 g5 37. Rb7 h5 38. Kf3 Kg6 39. Rb6 Kf5 40. g4+ hxg4+ 41. hxg4+ Ke5 42. Rb7 f6 43. Rb6 Kd5 44. b5 a5 45. Ra6 f5 46. gxf5 exf5 47. Rf6 Rf4+ 48. Kg3 Kc5 49. b6 Rb4 50. Rxf5+ Kxb6 51. Rxg5 a4 52. Re5 a3 53. Re1 a2 54. Ra1 Ra4 55. f4 Kc5 56. Kg4 Kc4 57. Kg5 1/2-1/2

[Event "SVK-chT4 A22 1819"]
[Site "Slovakia"]
[Date "2019.03.03"]
[Round "10.6"]
[White "Sandor, Stefan"]
[Black "Rusnacik, Milan"]
[Result "1-0"]
[WhiteElo "1543"]
[BlackElo "1351"]
[PlyCount "119"]
[EventDate "2018.10.14"]
[EventType "team-tourn"]
[EventRounds "11"]
[EventCountry "SVK"]
[SourceTitle "EXT 2020"]
[Source "ChessBase"]
[SourceDate "2019.10.17"]
[SourceVersion "1"]
[SourceVersionDate "2019.10.17"]
[SourceQuality "1"]

1. e4 c5 2. d4 cxd4 3. Qxd4 Nc6 4. Qd1 Nf6 5. Nc3 g6 6. Nf3 Bg7 7. a3 d6 8. h3 0-0 9. Bd3 Be6 10. 0-0 a6 11. Re1 Qc7 12. Bf4 Rfd8 13. e5 dxe5 14. Nxe5 Nxe5 15. Bxe5 Qc6 16. Qc1 Rac8 17. Ne4 Qe8 18. Nxf6+ exf6 19. Bc3 Qf8 20. Qf4 Rxc3 21. bxc3 f5 22. Qb4 Rd6 23. Rab1 Bd5 24. Re2 Bc6 25. Rbe1 Qb8 26. Bxa6 Bf8 27. Bc4 b5 28. Qb3 Rf6 29. Bd3 Qa8 30. f3 Qb8 31. a4 b4 32. cxb4 Bxb4 33. Rb1 Qa7+ 34. Kh1 Bf8 35. Qb6 Qxa4 36. Bb5 Bxb5 37. Qxb5 Qd4 38. Qb2 Qd6 39. Qb8 Kg7 40. Re8 Qxb8 41. Rbxb8 Bd6 42. Rb6 Kh6 43. Rd8 Be7 44. Rxf6 Bxf6 45. Rd5 Kg7 46. c4 Be7 47. c5 Bxc5 48. Rxc5 h5 49. h4 Kf6 50. f4 Ke6 51. g3 Kd6 52. Ra5 Ke6 53. Kg2 Kf6 54. Ra6+ Kg7 55. Kf3 Kf8 56. Ke3 Ke7 57. Kd4 Kd7 58. Ke5 Ke7 59. Ra7+ Kf8 60. Kf6 1-0

[Event "SVK-chT4 A22 1819"]
[Site "Slovakia"]
[Date "2019.01.06"]
[Round "6.5"]
[White "Slezak, Rudolf"]
[Black "Sandor, Stefan"]
[Result "1-0"]
[WhiteElo "1686"]
[BlackElo "1562"]
[PlyCount "67"]
[EventDate "2018.10.14"]
[EventType "team-tourn"]
[EventRounds "11"]
[EventCountry "SVK"]
[SourceTitle "EXT 2020"]
[Source "ChessBase"]
[SourceDate "2019.10.17"]
[SourceVersion "1"]
[SourceVersionDate "2019.10.17"]
[SourceQuality "1"]

1. Nf3 d5 2. c4 dxc4 3. Na3 Nc6 4. Nxc4 e6 5. g3 Nf6 6. Bg2 b6 7. 0-0 Bb7 8. Nfe5 Nxe5 9. Bxb7 Nxc4 10. Bxa8 Qxa8 11. Qa4+ Nd7 12. Qxc4 c5 13. d4 Be7 14. dxc5 Nxc5 15. Qb5+ Kf8 16. Be3 Ne4 17. f3 Nd6 18. Qd3 g5 19. Bxg5 Bxg5 20. Qxd6+ Be7 21. Qe5 Rg8 22. Rac1 Bg5 23. Rcd1 Qc8 24. Kg2 h5 25. Qd6+ Be7 26. Qd4 Qc6 27. Rc1 Qb7 28. Qe4 Qxe4 29. fxe4 Rg4 30. Kf3 Rg5 31. Rc8+ Kg7 32. Rd1 a5 33. Rd7 Kf6 34. Rcc7 1-0

[Event "SVK-chT4 A22 1718"]
[Site "Slovakia"]
[Date "2017.12.10"]
[Round "6.1"]
[White "Sandor, Stefan"]
[Black "Szabo, Viktor"]
[Result "1-0"]
[WhiteElo "1624"]
[BlackElo "1527"]
[PlyCount "83"]
[EventDate "2017.10.01"]
[EventType "team-tourn"]
[EventRounds "11"]
[EventCountry "SVK"]
[SourceTitle "EXT 2020"]
[Source "ChessBase"]
[SourceDate "2019.10.17"]
[SourceVersion "1"]
[SourceVersionDate "2019.10.17"]
[SourceQuality "1"]

1. e4 c5 2. d4 cxd4 3. Qxd4 Nc6 4. Qd3 e6 5. Nf3 Bb4+ 6. c3 Bc5 7. Be3 Bxe3 8. Qxe3 Nge7 9. Bd3 e5 10. 0-0 0-0 11. Bc2 Ng6 12. Nbd2 d6 13. Rad1 Qe7 14. Nc4 Rd8 15. Bb3 h6 16. Rd2 Be6 17. Rfd1 Bxc4 18. Bxc4 Rd7 19. Bb5 Rad8 20. Rd5 Nf4 21. R5d2 g5 22. b3 g4 23. Ne1 Kh7 24. g3 Nh3+ 25. Kh1 Ng5 26. Be2 Qe6 27. Ng2 d5 28. exd5 Rxd5 29. Rxd5 Rxd5 30. Rxd5 Qxd5 31. Bxg4 f6 32. h4 Nf7 33. Bf5+ Kg7 34. Qe2 Ne7 35. Qg4+ Kf8 36. Be6 Qc6 37. c4 b6 38. Kh2 Qc5 39. Ne3 Qd4 40. Qh5 Nd6 41. Qxh6+ Ke8 42. Qh8+ 1-0

[Event "SVK-chT4 A22 1617"]
[Site "Slovakia"]
[Date "2016.10.23"]
[Round "2.6"]
[White "Rusnacik, Milan"]
[Black "Sandor, Stefan"]
[Result "0-1"]
[WhiteElo "1296"]
[BlackElo "1626"]
[PlyCount "32"]
[EventDate "2016.10.09"]
[EventType "team-tourn"]
[EventRounds "11"]
[EventCountry "SVK"]
[SourceTitle "EXT 2020"]
[Source "ChessBase"]
[SourceDate "2019.10.17"]
[SourceVersion "1"]
[SourceVersionDate "2019.10.17"]
[SourceQuality "1"]

1. d4 Nf6 2. c4 e6 3. Nf3 d5 4. g3 Be7 5. Bg2 0-0 6. 0-0 c5 7. cxd5 Nxd5 8. Qc2 b6 9. Ne5 Bb7 10. Rd1 Nb4 11. Qb3 Bxg2 12. Kxg2 cxd4 13. Nc3 Qc7 14. Bf4 dxc3 15. Nd7 Qc6+ 16. f3 Nxd7 0-1

[Event "SVK-chT4 A22 1415"]
[Site "Slovakia"]
[Date "2015.03.01"]
[Round "10.4"]
[White "Sandor, Stefan"]
[Black "Gazovic, Lukas"]
[Result "1-0"]
[WhiteElo "1647"]
[BlackElo "1647"]
[PlyCount "87"]
[EventDate "2014.10.12"]
[EventType "team-tourn"]
[EventRounds "11"]
[EventCountry "SVK"]
[SourceTitle "EXT 2019"]
[Source "ChessBase"]
[SourceDate "2018.10.10"]
[SourceVersion "1"]
[SourceVersionDate "2018.10.10"]
[SourceQuality "1"]

1. e4 e5 2. Nf3 Nc6 3. Bc4 Bc5 4. 0-0 Nf6 5. d3 d5 6. exd5 Nxd5 7. Bxd5 Qxd5 8. Nc3 Qd6 9. Ne4 Qe7 10. Nxc5 Qxc5 11. h3 Be6 12. Re1 0-0-0 13. Ng5 Bd5 14. Ne4 Qe7 15. Qg4+ Qe6 16. Qxe6+ Bxe6 17. Be3 b6 18. a3 h6 19. f4 Bf5 20. Ng3 Bh7 21. fxe5 Nxe5 22. Bxh6 Nxd3 23. Bxg7 Rhg8 24. cxd3 Rxg7 25. Re3 Bxd3 26. Rd1 Bc4 27. Rxd8+ Kxd8 28. Nf5 Rg6 29. Kf2 Rf6 30. g4 Be6 31. Rf3 Bxf5 32. Rxf5 Ke7 33. Rxf6 Kxf6 34. h4 c5 35. a4 a6 36. Ke3 b5 37. a5 Ke5 38. h5 Kf6 39. Kf4 Kg7 40. g5 c4 41. Ke5 b4 42. Kd4 c3 43. bxc3 b3 44. Kd3 1-0

[Event "SVK-chT4 A22 1415"]
[Site "Slovakia"]
[Date "2014.11.09"]
[Round "3.2"]
[White "Sandor, Stefan"]
[Black "Stefanek, Ivan"]
[Result "0-1"]
[WhiteElo "1647"]
[BlackElo "1411"]
[PlyCount "62"]
[EventDate "2014.10.12"]
[EventType "team-tourn"]
[EventRounds "11"]
[EventCountry "SVK"]
[SourceTitle "EXT 2019"]
[Source "ChessBase"]
[SourceDate "2018.10.10"]
[SourceVersion "1"]
[SourceVersionDate "2018.10.10"]
[SourceQuality "1"]

1. e4 c5 2. d4 cxd4 3. Qxd4 Nc6 4. Qd3 d6 5. Nf3 Bg4 6. Be2 Nf6 7. Nc3 Bxf3 8. Bxf3 Ne5 9. Qd1 g6 10. 0-0 Bg7 11. Bf4 Nfd7 12. Be2 0-0 13. Qc1 Nc5 14. Be3 Rc8 15. f3 Ned7 16. Qd2 Bxc3 17. bxc3 Qa5 18. Rfb1 b6 19. Rb5 Qa3 20. Bh6 Rfe8 21. Qd4 Ne6 22. Qd2 Qxc3 23. Qxc3 Rxc3 24. Rb2 g5 25. h4 f6 26. Kf2 Kf7 27. Rh1 Rec8 28. Bd3 Ne5 29. Ke3 Kg6 30. hxg5 fxg5 31. a4 Nxd3 0-1

[Event "SVK-chT4 A22 1314"]
[Site "Slovakia"]
[Date "2014.02.23"]
[Round "9.2"]
[White "Tupy, Bystrik"]
[Black "Sandor, Stefan"]
[Result "1-0"]
[WhiteElo "1798"]
[BlackElo "1657"]
[PlyCount "67"]
[EventDate "2013.10.06"]
[EventType "team-tourn"]
[EventRounds "11"]
[EventCountry "SVK"]
[SourceTitle "EXT 2015"]
[Source "ChessBase"]
[SourceDate "2014.11.20"]
[SourceVersion "1"]
[SourceVersionDate "2014.11.20"]
[SourceQuality "1"]
[WhiteTeam "Hlohovec II"]
[BlackTeam "Gabcikovo Russel III"]
[WhiteTeamCountry "SVK"]
[BlackTeamCountry "SVK"]

1. e4 e5 2. Nf3 Nc6 3. Bb5 Nge7 4. d4 exd4 5. Nxd4 g6 6. 0-0 Bg7 7. Bxc6 dxc6 8. Nf3 0-0 9. c3 Qxd1 10. Rxd1 Bg4 11. Bg5 Rfe8 12. Nbd2 c5 13. h3 Be6 14. Nb3 Nc6 15. Nxc5 b6 16. Nxe6 Rxe6 17. Re1 Rae8 18. Nd2 Bf6 19. Bxf6 Rxf6 20. f3 Rd6 21. Nc4 Rd7 22. Rad1 Red8 23. Rxd7 Rxd7 24. Re2 f6 25. Kf2 b5 26. Rd2 Rxd2+ 27. Nxd2 Ne5 28. Ke3 c5 29. f4 Nd7 30. b4 Kf7 31. Nb3 cxb4 32. cxb4 Nb6 33. Kd4 Nd7 34. Kd5 1-0

[Event "SVK-chT4 A22 1314"]
[Site "Slovakia"]
[Date "2013.11.17"]
[Round "4.5"]
[White "Sandor, Stefan"]
[Black "Husveth, Juraj"]
[Result "1/2-1/2"]
[WhiteElo "1657"]
[BlackElo "1262"]
[PlyCount "125"]
[EventDate "2013.10.06"]
[EventType "team-tourn"]
[EventRounds "11"]
[EventCountry "SVK"]
[SourceTitle "EXT 2015"]
[Source "ChessBase"]
[SourceDate "2014.11.20"]
[SourceVersion "1"]
[SourceVersionDate "2014.11.20"]
[SourceQuality "1"]
[WhiteTeam "Gabcikovo Russel III"]
[BlackTeam "Potonska Veza III"]
[WhiteTeamCountry "SVK"]
[BlackTeamCountry "SVK"]

1. e4 e5 2. Nf3 d6 3. Be2 a6 4. Nc3 Nc6 5. Bc4 Na5 6. Be2 c5 7. d3 Nc6 8. 0-0 h5 9. h3 g6 10. Nd5 Be6 11. Nc3 b5 12. a3 Nd4 13. Nb1 Qd7 14. Ng5 Be7 15. Nxe6 Nxe6 16. Nc3 Nf6 17. Be3 Qc6 18. Bf3 g5 19. Be2 Qd7 20. f3 0-0-0 21. Kf2 Rdg8 22. Ke1 Nf4 23. Bxf4 gxf4 24. Rg1 Rg6 25. Kd2 d5 26. exd5 Nxd5 27. Nxd5 Qxd5 28. Kc1 Qd4 29. c3 Qe3+ 30. Kc2 Rd8 31. Qd2 Qxd2+ 32. Kxd2 c4 33. Kc2 cxd3+ 34. Bxd3 Bc5 35. Bf5+ Kc7 36. Rgd1 Rxg2+ 37. Kb3 Rgd2 38. Rf1 a5 39. Ka2 b4 40. Kb3 bxc3 41. Kxc3 Rf2 42. Rxf2 Bxf2 43. Rc1 Be3 44. Rc2 Kb6 45. Kb3 h4 46. Be4 Rd6 47. Rc1 f5 48. Bxf5 Kb7 49. Rc2 Bb6 50. Be4+ Kb8 51. Rc6 Rxc6 52. Bxc6 Kc7 53. Be4 Kd6 54. Kc4 Bd4 55. b3 Bb2 56. a4 Ba3 57. Kb5 Bb4 58. Kc4 Bd2 59. Kb5 Bb4 60. Kc4 Kc7 61. Kb5 Kb8 62. Kb6 Bc3 63. Bf5 1/2-1/2

[Event "SVK-chT4 A22 1213"]
[Site "Slovakia"]
[Date "2012.12.16"]
[Round "5.3"]
[White "Sandor, Stefan"]
[Black "Suchan, Jozef"]
[Result "1-0"]
[WhiteElo "1663"]
[BlackElo "1699"]
[PlyCount "98"]
[EventDate "2012.10.14"]
[EventType "team-tourn"]
[EventRounds "11"]
[EventCountry "SVK"]
[SourceTitle "EXT 2015"]
[Source "ChessBase"]
[SourceDate "2014.11.20"]
[SourceVersion "1"]
[SourceVersionDate "2014.11.20"]
[SourceQuality "1"]
[WhiteTeam "Gabcikovo Russel II"]
[BlackTeam "Trnava Lokomotiva Solartec V"]
[WhiteTeamCountry "SVK"]
[BlackTeamCountry "SVK"]

1. e4 e5 2. Nf3 Nc6 3. Bc4 Nf6 4. d3 Be7 5. Nc3 0-0 6. 0-0 d6 7. Ne2 Bg4 8. Ne1 Na5 9. Bb3 Nxb3 10. axb3 d5 11. f3 Be6 12. Ng3 dxe4 13. fxe4 Qd4+ 14. Kh1 Ng4 15. Qe2 Bc5 16. Nf3 Qd6 17. h3 Nf6 18. Be3 a6 19. Qf2 Bxe3 20. Qxe3 Rae8 21. Qg5 h6 22. Qe3 Bd7 23. Nh4 Qd4 24. Qxd4 exd4 25. Nhf5 Bxf5 26. Nxf5 c5 27. Nd6 Re7 28. Ra5 Rd8 29. Nf5 Re5 30. Nxh6+ gxh6 31. Rxf6 Kg7 32. Rf3 Rd6 33. Ra1 f6 34. Rg3+ Rg5 35. Rxg5+ hxg5 36. g4 Re6 37. Kg2 Kg6 38. Kg3 Re7 39. Rh1 Rh7 40. h4 Rxh4 41. Rxh4 gxh4+ 42. Kxh4 Kh6 43. c3 a5 44. c4 b6 45. g5+ fxg5+ 46. Kg4 Kg6 47. e5 Kh6 48. Kf5 Kh5 49. e6 g4 1-0

[Event "SVK-chT4 A22 1213"]
[Site "Slovakia"]
[Date "2012.10.14"]
[Round "1.4"]
[White "Petras, Stefan"]
[Black "Sandor, Stefan"]
[Result "1-0"]
[WhiteElo "1729"]
[BlackElo "1663"]
[PlyCount "59"]
[EventDate "2012.10.14"]
[EventType "team-tourn"]
[EventRounds "11"]
[EventCountry "SVK"]
[SourceTitle "EXT 2015"]
[Source "ChessBase"]
[SourceDate "2014.11.20"]
[SourceVersion "1"]
[SourceVersionDate "2014.11.20"]
[SourceQuality "1"]
[WhiteTeam "Dolna Krupa SK"]
[BlackTeam "Gabcikovo Russel II"]
[WhiteTeamCountry "SVK"]
[BlackTeamCountry "SVK"]

1. e4 e5 2. Nf3 Nc6 3. Bc4 d6 4. d4 exd4 5. Nxd4 Ne5 6. Be2 Nf6 7. Nc3 Bd7 8. Bg5 Be7 9. 0-0 0-0 10. a3 a6 11. Nf3 Nc6 12. Re1 Be6 13. Bd3 h6 14. Bh4 Bg4 15. Be2 Qd7 16. Nd5 Nxd5 17. exd5 Nd8 18. Bxe7 Qxe7 19. Qd4 Qd7 20. h3 Bf5 21. c3 b6 22. Nh4 Bh7 23. Bg4 Qb5 24. b4 a5 25. Re7 Qd3 26. Qxd3 Bxd3 27. Rxc7 Be4 28. Bf3 Bxf3 29. Nxf3 Re8 30. Rd7 1-0

[Event "SVK-chT3A2 1011"]
[Site "Slovakia"]
[Date "2011.01.16"]
[Round "6.7"]
[White "Csefalvay, Stefan"]
[Black "Sandor, Stefan"]
[Result "1-0"]
[WhiteElo "1928"]
[BlackElo "1682"]
[PlyCount "103"]
[EventDate "2010.10.17"]
[EventType "team-tourn"]
[EventRounds "11"]
[EventCountry "SVK"]
[SourceTitle "EXT 2012"]
[Source "ChessBase"]
[SourceDate "2011.11.24"]
[SourceVersion "1"]
[SourceVersionDate "2011.11.24"]
[SourceQuality "1"]
[WhiteTeam "Potonska Veza"]
[BlackTeam "Gabcikovo Russel"]
[WhiteTeamCountry "SVK"]
[BlackTeamCountry "SVK"]

1. d4 Nf6 2. Nf3 e6 3. g3 d5 4. Bg2 Be7 5. c4 b6 6. Nc3 0-0 7. 0-0 Nc6 8. cxd5 exd5 9. a3 h6 10. b4 Bd6 11. Nb5 Be7 12. Bf4 Ne8 13. Rc1 Bb7 14. Qc2 a6 15. Nc3 Na7 16. Na4 Nb5 17. Qd3 Bd6 18. Bxd6 Nexd6 19. Ne5 Ne8 20. Nb2 Na7 21. a4 Qd6 22. Qc3 f5 23. Nbc4 Qe6 24. f4 Rb8 25. Ne3 Rf6 26. Qb3 Rd8 27. b5 a5 28. Rc3 Qd6 29. Rfc1 Qb4 30. Qc2 Qxd4 31. Rd1 Qb4 32. Nxd5 Bxd5 33. Bxd5+ Kh8 34. Rcd3 Qf8 35. Qc4 Kh7 36. Nf7 Nd6 37. Nxd6 Rdxd6 38. Qxc7 Nc8 39. e4 Qd8 40. Qxd8 Rxd8 41. e5 Rff8 42. Bc6 Rxd3 43. Rxd3 Ne7 44. Bd7 Rd8 45. e6 Kg6 46. Rd6 Nc8 47. Rc6 Kf6 48. Rxc8 Rxc8 49. Bxc8 g5 50. Kf2 Ke7 51. Ke3 Kd6 52. Kd4 1-0

[Event "SVK-chT3A2 1011"]
[Site "Slovakia"]
[Date "2010.12.12"]
[Round "5.7"]
[White "Vlkovic, Pavol"]
[Black "Sandor, Stefan"]
[Result "1-0"]
[WhiteElo "1840"]
[BlackElo "1682"]
[PlyCount "95"]
[EventDate "2010.10.17"]
[EventType "team-tourn"]
[EventRounds "11"]
[EventCountry "SVK"]
[SourceTitle "EXT 2012"]
[Source "ChessBase"]
[SourceDate "2011.11.24"]
[SourceVersion "1"]
[SourceVersionDate "2011.11.24"]
[SourceQuality "1"]
[WhiteTeam "Cífer"]
[BlackTeam "Gabcikovo Russel"]
[WhiteTeamCountry "SVK"]
[BlackTeamCountry "SVK"]

1. e4 e5 2. Nf3 Nc6 3. Bc4 Nf6 4. d3 h6 5. c3 Be7 6. 0-0 0-0 7. Re1 d6 8. h3 a6 9. Bb3 Re8 10. Nbd2 Bf8 11. Nf1 Be6 12. Bc2 d5 13. Qe2 d4 14. Ng3 Qd7 15. Nh2 Ne7 16. Qf3 c5 17. Bxh6 gxh6 18. Qxf6 Bg7 19. Qf3 Ng6 20. Nf5 Bxf5 21. exf5 Nh4 22. Qh5 Nxf5 23. Nf3 Re7 24. g4 Nd6 25. Nxe5 Qe8 26. cxd4 cxd4 27. Nf3 Rxe1+ 28. Rxe1 Qb5 29. Qxb5 Nxb5 30. Re7 b6 31. Rd7 Ra7 32. Rd8+ Bf8 33. a4 Nd6 34. Nxd4 Rc7 35. Kg2 Rc8 36. Rxc8 Nxc8 37. Nf5 Na7 38. Ne3 Nc6 39. Nd5 Bc5 40. Bb3 Ne5 41. Bc4 a5 42. f4 Nc6 43. h4 Nd4 44. Nf6+ Kg7 45. Nd7 Ne6 46. Bxe6 fxe6 47. Nxc5 bxc5 48. Kf3 1-0